[Event "Mano"]
[Site "http://www.queenalice.com/game.php?id=268183"]
[Date "2007.9.7"]
[Round "-"]
[White "Leao"]
[Black "MHP20000"]
[Result "1-0"]
[WhiteElo "1187"]
[BlackElo "1658"]

1. e4 e5 2. Nf3 Nc6 3. Bc4 h6 4. O-O Nf6 5. Nc3 a6 6. d4 exd4 7. Nxd4 Bb4 8.
Nxc6 bxc6 9. Qf3 O-O 10. e5 Nd5 11. Nxd5 cxd5 12. Bxd5 c6 13. Bc4 Qh4 14. Bf4
Qe7 15. Qg3 Kh8 16. c3 Bc5 17. b4 Bb6 18. e6 dxe6 19. Bd6 Qe8 20. Bxf8 Qxf8 21.
Be2 Bd7 22. h3 a5 23. Qg4 Qe7 24. Qe4 Qf6 25. Bd3 g6 26. Rae1 Kg8 27. Qe5 Qe7
28. a3 axb4 29. axb4 c5 30. Qe3 Kh7 31. Qe4 cxb4 32. Qxa8 bxc3 33. Rc1 Qf6 34.
Qb7 Qd4 35. Rcd1 Qb4 36. Qxd7 Qf8 37. Bxg6+ Kxg6 38. Qd3+ Kg7 39. Qg3+ Kh7 40.
Qxc3 f5 41. Rd7+ Kg6 42. Qg3+ Kf6 43. Qd6 Qg8 44. Qxb6 Qe8 45. Rd6 Qe7 46. Qd8
Qxd8 47. Rxd8 1-0

[Event "Challenge"]
[Site "http://www.queenalice.com/game.php?id=278678"]
[Date "2007.9.29"]
[Round "-"]
[White "Romulo_Galter"]
[Black "Leao"]
[Result "0-1"]
[WhiteElo "1300"]
[BlackElo "1295"]

1. h3 e5 2. Nf3 Nc6 3. d3 d5 4. a4 d4 5. g3 Nf6 6. Bg5 h6 7. Bh4 g5 8. Ra3 Bxa3
9. Nxa3 gxh4 10. Nxh4 Be6 11. Bg2 Qd7 12. O-O O-O-O 13. Nb5 Bd5 14. Qa1 a6 15.
Na3 e4 16. Qd1 e3 17. fxe3 Bxg2 18. Rxf6 Bxh3 19. c3 dxe3 20. Rf3 Rde8 21. Nc4
Qd5 22. Rf5 Bxf5 23. Qf1 Bg6 24. Qh3+ Kb8 25. Ng2 Qf5 26. Kh2 Qf2 27. b4 Qxe2
28. b5 axb5 29. axb5 Bxd3 30. Na3 Na5 31. b6 cxb6 32. Qd7 Be4 33. Qd6+ Ka7 34.
Kh3 Qxg2+ 35. Kg4 Qf3+ 36. Kh3 Bc6 37. c4 Re4 38. c5 Qh1# 0-1

[Event "Challenge"]
[Site "http://www.queenalice.com/game.php?id=278874"]
[Date "2007.9.29"]
[Round "-"]
[White "Leao"]
[Black "arthur01"]
[Result "1-0"]
[WhiteElo "1142"]
[BlackElo "1100"]

1. d4 e5 2. dxe5 Nc6 3. Nf3 Bd6 4. exd6 cxd6 5. Qxd6 Qa5+ 6. Nc3 Nf6 7. Bd2 Qb6
8. b3 Nb4 9. Qe5+ Kf8 10. O-O-O Qa6 11. Qc5+ Kg8 12. Qxb4 d6 13. e3 b6 14. Bxa6
Bxa6 15. Qxd6 Be2 16. Nxe2 h5 17. Bb4 Ne4 18. Rd4 Nxf2 19. Rf1 Ng4 20. Ng5 Nxh2
21. Qd8+ Rxd8 22. Rxd8# 1-0

[Event "Challenge"]
[Site "http://www.queenalice.com/game.php?id=280439"]
[Date "2007.10.2"]
[Round "-"]
[White "Wefferson_Emerich"]
[Black "Leao"]
[Result "1-0"]
[WhiteElo "1452"]
[BlackElo "1284"]

1. e4 e5 2. Nc3 Nf6 3. Qf3 Bc5 4. Qg3 O-O 5. d3 d6 6. h3 Nh5 7. Qf3 g6 8. g4 Ng7
9. Bh6 Qh4 10. Bd2 f5 11. O-O-O Bxf2 12. Nb5 Na6 13. Qg2 fxg4 14. hxg4 Qg3 15.
Qxg3 Bxg3 16. Be2 c6 17. Nc3 Be6 18. Nh3 d5 19. Ng5 h5 20. gxh5 d4 21. h6 Nh5
22. Nxe6 Rf6 23. Rdg1 Rxe6 24. Bxh5 Bf4 25. Bxg6 1-0

[Event "Challenge"]
[Site "http://www.queenalice.com/game.php?id=281616"]
[Date "2007.10.5"]
[Round "-"]
[White "Leao"]
[Black "Carla"]
[Result "1-0"]
[WhiteElo "1269"]
[BlackElo "1141"]

1. e4 Nf6 2. e5 Nd5 3. d4 f6 4. Nf3 g6 5. Bc4 e6 6. O-O Nc6 7. exf6 Nxf6 8. Bg5
d5 9. Bb5 a6 10. Bxc6+ bxc6 11. Ne5 Qe7 12. Nxc6 Qf7 13. Ne5 Qg7 14. c4 h6 15.
Bxf6 Qxf6 16. Qa4+ Kd8 17. cxd5 Be7 18. Nc6+ Ke8 19. Ne5+ c6 20. Qxc6+ Kf8 21.
Qxa8 Kg7 22. Qc6 a5 23. Nc3 Rf8 24. Nd7 Bxd7 25. Qxd7 Rd8 26. Qxe6 Qf8 27. Qe5+
Bf6 28. Qc7+ Be7 29. Rae1 Re8 30. d6 Kf7 31. dxe7 Qg8 32. Qc4+ Kg7 33. Qxg8+
Kxg8 34. d5 1-0

[Event "Revanche"]
[Site "http://www.queenalice.com/game.php?id=282036"]
[Date "2007.10.6"]
[Round "-"]
[White "Stulzer"]
[Black "Leao"]
[Result "1-0"]
[WhiteElo "2030"]
[BlackElo "1269"]

1. e4 e5 2. Nf3 Nc6 3. Bb5 Bd6 4. O-O a6 5. Bc4 Nf6 6. Re1 b5 7. Bb3 h6 8. c3
O-O 9. d4 Re8 10. Nbd2 Na5 11. Bc2 Bb7 12. dxe5 Bxe5 13. Nxe5 Rxe5 14. Nf3 Re8
15. e5 Ng4 16. Qd3 g6 17. Bf4 Bxf3 18. Qxf3 Qh4 19. h3 Qxf2+ 20. Qxf2 Nxf2 21.
Kxf2 h5 22. Rad1 Nc4 23. Rxd7 c6 24. Bb3 1-0

[Event "Challenge"]
[Site "http://www.queenalice.com/game.php?id=282234"]
[Date "2007.10.6"]
[Round "-"]
[White "Leao"]
[Black "JCOELHO"]
[Result "1-0"]
[WhiteElo "1187"]
[BlackElo "1586"]

1. e4 d5 2. Bd3 Nf6 3. e5 Ng4 4. f4 e6 5. Qxg4 Nc6 6. Bb5 h5 7. Qg5 Be7 8. Qxg7
Rf8 9. Qh7 h4 10. Nf3 Bd7 11. d4 Nb4 12. Bd3 a6 13. Ng5 f6 14. Qh5+ Rf7 15.
Qxf7# 1-0

[Event "Challenge"]
[Site "http://www.queenalice.com/game.php?id=299800"]
[Date "2007.11.7"]
[Round "-"]
[White "elefante266"]
[Black "Leao"]
[Result "1-0"]
[WhiteElo "1619"]
[BlackElo "1289"]

1. e4 e5 2. Bc4 Nf6 3. d3 h6 4. Nf3 d6 5. Be3 Nc6 6. Bb5 Bd7 7. Bxc6 Bxc6 8. Nc3
Be7 9. Qe2 O-O 10. Nh4 Nh7 11. Nf5 Bd7 12. Nxe7+ Qxe7 13. O-O-O Qf6 14. Nd5 Qd8
15. d4 c6 16. Nc3 Qf6 17. dxe5 Qxe5 18. f4 Qe6 19. f5 Qf6 20. Bf4 d5 21. Qe3
Rfe8 22. g4 Ng5 23. Bxg5 Qxg5 24. Qxg5 hxg5 25. h4 gxh4 26. Rxh4 f6 27. exd5 Kf7
28. dxc6 Bxc6 29. b3 a6 30. Rh3 Re5 31. Rhd3 Rae8 32. Kb2 Rc5 33. b4 Rc4 34. Rd4
Rxd4 35. Rxd4 Re5 36. a4 Ke8 37. a5 Ba4 38. Nxa4 1-0

[Event "Jogo de Xadres_02"]
[Site "http://www.queenalice.com/game.php?id=300886"]
[Date "2007.11.9"]
[Round "-"]
[White "Leao"]
[Black "Landoaldojr"]
[Result "0-1"]
[WhiteElo "1316"]
[BlackElo "1285"]

1. e4 e5 2. Nf3 d6 3. Bc4 Be7 4. d4 f6 5. d5 Bd7 6. O-O b5 7. Bd3 Na6 8. c4 bxc4
9. Bxc4 Nc5 10. Nc3 f5 11. Bd3 Nxd3 12. Qxd3 f4 13. h3 g5 14. Nh2 Nf6 15. a3 h5
16. g4 hxg4 17. hxg4 Nxg4 18. Nxg4 Bxg4 19. f3 Bh3 20. Rf2 Bf6 21. Rh2 Bd7 22.
Rxh8+ Bxh8 23. Kf2 Qc8 24. Qf1 Ke7 25. Qg2 Bf6 26. Qh2 Qg8 27. Bd2 Rb8 28. b4 a5
29. Ne2 a4 0-1

[Event "MHP"]
[Site "http://www.queenalice.com/game.php?id=303718"]
[Date "2007.11.14"]
[Round "-"]
[White "Leao"]
[Black "MHP20000"]
[Result "1-0"]
[WhiteElo "1307"]
[BlackElo "1704"]

1. Nf3 Nc6 2. e4 e5 3. Bc4 h6 4. d3 Bc5 5. O-O d6 6. Nc3 Nf6 7. h3 O-O 8. a3 Nd4
9. Nxd4 Bxd4 10. Qf3 c6 11. Qg3 Nh5 12. Qf3 Qe7 13. Qxh5 Qf6 14. Be3 b5 15. Ba2
a5 16. Bxd4 exd4 17. Ne2 Bb7 18. Ng3 d5 19. e5 Qe6 20. b3 a4 21. b4 Bc8 22. Rfe1
Bd7 23. Ne2 Rac8 24. Nf4 Qe7 25. c4 bxc4 26. dxc4 dxc4 27. Bxc4 c5 28. e6 Bxe6
29. Bxe6 fxe6 30. Ng6 Qf6 31. Nxf8 Rxf8 32. Ra2 cxb4 33. axb4 d3 34. Re3 Rc8 35.
Rxd3 Qf4 36. Rad2 a3 37. Rd8+ Rxd8 38. Rxd8+ Kh7 39. Qd1 a2 40. Qd3+ Qf5 41.
Qxf5+ exf5 42. Rd1 1-0

[Event "Challenge"]
[Site "http://www.queenalice.com/game.php?id=308800"]
[Date "2007.11.23"]
[Round "-"]
[White "Leao"]
[Black "Romulo_Galter"]
[Result "1-0"]
[WhiteElo "1286"]
[BlackElo "1407"]

1. Nf3 h5 2. e4 e5 3. Nxe5 Bd6 4. d4 Nf6 5. Bg5 Bb4+ 6. c3 Ba5 7. Bc4 O-O 8.
Bxf6 Qxf6 9. Qxh5 d6 10. Bxf7+ Rxf7 11. Nxf7 Qxf7 12. Qxf7+ Kxf7 13. O-O Be6 14.
Nd2 Nd7 15. f4 Bh3 16. gxh3 Rh8 17. Rf3 c5 18. d5 b5 19. Kg2 b4 20. Nc4 Bc7 21.
cxb4 Rf8 22. bxc5 dxc5 23. Rd1 Kg8 24. e5 Bd8 25. e6 Nb8 26. d6 g5 27. e7 Re8
28. exd8=R Rxd8 29. fxg5 Re8 30. d7 Rd8 31. Ne5 a5 32. Nf7 c4 33. Nxd8 Nxd7 34.
Rxd7 a4 35. Ne6 a3 36. Rf8# 1-0

[Event "Challenge"]
[Site "http://www.queenalice.com/game.php?id=316325"]
[Date "2007.12.7"]
[Round "-"]
[White "Landoaldojr"]
[Black "Leao"]
[Result "1-0"]
[WhiteElo "1506"]
[BlackElo "1297"]

1. e4 e5 2. Nc3 Nf6 3. Be2 d5 4. exd5 Nxd5 5. Nxd5 Qxd5 6. Nf3 Bc5 7. c4 Qd8 8.
Nxe5 O-O 9. O-O Qf6 10. d4 Bd6 11. f4 Bxe5 12. fxe5 Qb6 13. c5 Qe6 14. Bg4 Qxg4
15. Qxg4 Bxg4 16. Rf4 1-0

[Event "Romulo"]
[Site "http://www.queenalice.com/game.php?id=395297"]
[Date "2008.4.29"]
[Round "-"]
[White "Leao"]
[Black "Romulo_Galter"]
[Result "0-1"]
[WhiteElo "1337"]
[BlackElo "1344"]

1. e4 e5 2. Nc3 Bc5 3. Nf3 Qf6 4. Nd5 Qd6 5. Bc4 c6 6. Nc3 Nf6 7. Ng5 Rf8 8.
Bxf7+ Kd8 9. Bc4 Qd4 10. d3 Qxf2# 0-1

[Event "Challenge"]
[Site "http://www.queenalice.com/game.php?id=404355"]
[Date "2008.5.17"]
[Round "-"]
[White "Leao"]
[Black "elefante266"]
[Result "0-1"]
[WhiteElo "1321"]
[BlackElo "1701"]

1. e4 e5 2. Nf3 Nc6 3. Bc4 h6 4. Nc3 Qe7 5. d3 a6 6. Be3 Nf6 7. h3 d6 8. O-O g6
9. a3 Bg7 10. d4 O-O 11. b4 Be6 12. d5 b5 13. dxe6 bxc4 14. exf7+ Qxf7 15. Nd5
Nxd5 16. Qxd5 Qxd5 17. exd5 e4 18. Nd2 Bxa1 19. Nxe4 Bg7 0-1

[Event "Jogar Xadres"]
[Site "http://www.queenalice.com/game.php?id=454979"]
[Date "2008.8.28"]
[Round "-"]
[White "Leao"]
[Black "Romulo_Galter"]
[Result "1-0"]
[WhiteElo "1321"]
[BlackElo "1343"]

1. e4 e5 2. Nf3 Bd6 3. Nc3 c6 4. Bc4 Qf6 5. d3 a6 6. Ng5 Bc5 7. Bxf7+ Ke7 8. Qf3
Nh6 9. Bh5 g6 10. Qxf6+ Kxf6 11. Bf3 b5 12. O-O a5 13. Ne6 dxe6 14. Bxh6 Ba6 15.
Be3 Bf8 16. d4 Nd7 17. Ne2 h5 18. dxe5+ Nxe5 19. Bd4 Bd6 20. b3 c5 21. Bxe5+
Bxe5 22. Rad1 h4 23. Bg4 Kg5 24. Bxe6 b4 25. Bc4 Bc8 26. h3 Re8 27. f4+ Kh6 28.
Bd5 Bd4+ 29. Nxd4 cxd4 30. Bxa8 Rxe4 31. Bxe4 Be6 32. f5 gxf5 33. Bxf5 Bf7 34.
Rxd4 Kg7 35. Rd7 a4 36. Be6 axb3 37. Rdxf7+ Kg6 38. Bxb3 Kh6 39. Rf8 1-0

[Event "Challenge"]
[Site "http://www.queenalice.com/game.php?id=507582"]
[Date "2008.12.14"]
[Round "-"]
[White "Romulo_Galter"]
[Black "Leao"]
[Result "1-0"]
[WhiteElo "1337"]
[BlackElo "1336"]

1. e4 e5 2. Bc4 Nf6 3. Qf3 h6 4. g4 b6 5. Nc3 Bb7 6. a3 Nc6 7. Nb5 Nd4 8. Nxd4
Bxe4 9. Qb3 d5 10. Bb5+ Nd7 11. Nc6 Qf6 12. f3 1-0